Jak hodnotit transformaci

Transformačný proces - neujasnenosť pojmov. Posúdenie výsledkov transformácie - zhodnotenie konkrétneho vecného vývoja ekonomiky. Kritérium zmeny vlastníctva. Privatizácia. Výsledky transformácie - argumenty pre a proti.

Uložené v:
Podrobná bibliografia
Hlavný autor: Janíčko, Pavel
Médium: Kapitola
Jazyk:Czech
Predmet:
Tagy: Pridať tag
Žiadne tagy, Buďte prvý, kto otaguje tento záznam!

MARC

LEADER 00000naa a2200000 4500
001 r017137
005 20230113115843.2
041 0 |a cze 
044 |a CZ 
245 1 0 |a Jak hodnotit transformaci  |c P. Janíčko 
520 |a Transformačný proces - neujasnenosť pojmov. Posúdenie výsledkov transformácie - zhodnotenie konkrétneho vecného vývoja ekonomiky. Kritérium zmeny vlastníctva. Privatizácia. Výsledky transformácie - argumenty pre a proti. 
610 2 0 |a transformácia 
610 2 0 |a vývoj hospodársky 
610 2 0 |a vlastníctvo súkromné 
610 2 0 |a vlastníctvo štátne 
610 2 0 |a privatizácia 
610 2 0 |a Česko 
100 1 |a Janíčko, Pavel